01165nam a2200277Ia 4500001001200000003000800012006001900020007001500039008004100054020001800095040002100113035002100134050002300155100002500178245013500203260007600338300001900414504005100433533015200484650003500636650002100671650002300692655002900715710001700744856012600761ebr10570977CaPaEBRm u cr cn|||||||||120813s2012 ts a sb 001 0 eng d z9781608053513 aCaPaEBRcCaPaEBR a(OCoLC)81137162714aTA462b.M28 2012eb1 aMatsumura, Masanobu.10aErosion-corrosionh[electronic resource] :ban introduction to flow induced macro-cell corrosion /cwritten by Masanobu Matsumura. a[Saif Zone, Sharjah, U.A.E] ;aOak Park, IL :bBentham Science,c[2012] a160 p. :bill. aIncludes bibliographical references and index. aElectronic reproduction.bPalo Alto, Calif. :cebrary,d2011.nAvailable via World Wide Web.nAccess may be limited to ebrary affiliated libraries. 0aCorrosion and anti-corrosives. 0aMetalsxErosion. 0aMaterials science. 7aElectronic books.2local2 aebrary, Inc.40uhttp://site.ebrary.com/lib/rucke/Doc?id=10570977zAn electronic book accessible through the World Wide Web; click to view